| 000 | 00608cam a2200265 4500 | ||
|---|---|---|---|
| 001 | B1268 | ||
| 008 | 090401t1987 xxu||||| |||| 00| 0 eng d | ||
| 035 | _a(Sirsi) u43440 | ||
| 041 | _aeng | ||
| 050 | _a333.337 | ||
| 110 |
_aChristie and Co _91921 |
||
| 245 | _aBusiness facts 1986-87 | ||
| 260 |
_aLondon _bChristie and Co _c1987 |
||
| 300 | _a(8)p . ; 30cm. | ||
| 350 | _a16 | ||
| 650 | _aHOTELS | ||
| 650 | _aIRELAND | ||
| 650 | _aNURSING HOMES | ||
| 650 | _aPROPERTY MARKET | ||
| 650 | _aPUBLIC HOUSES | ||
| 650 | _aRESTAURANTS | ||
| 650 | _aSHOPS | ||
| 942 | _n0 | ||
| 948 | _c04/03/1997 | ||
| 999 |
_c91325 _d91325 |
||